Responses for Show #3509 - Thursday, December 2, 1999

Contestants

[<< previous game]

Barbara Krause, a high school teacher from Redlands, California

Steven Wyatt, a locomotive engineer from Fort Wayne, Indiana

Karen Marlowe, a state and local planning coordinator from South Orange, New Jersey (whose 1-day cash winnings total $6,000)

[next game >>]

Jeopardy! Round responses

NEW REPUBLIC
CAR & DRIVER
(Alex: I will give you a fictitious car, you have to tell me the character or the actor, even, who usually drove that car.)
POPULAR PHOTOGRAPHY
PREMIERE
ROLLING "STONE"
TIME'S MAN OF THE YEAR
    $100 12
Belarus (Byelorussia)

Barbara
    $100 10
Danny Zuko (John Travolta)

Barbara
    $100 6
a darkroom

Karen
    $100 19
the Spice Girls

Karen
    $100 1
the Stone Age

Steven
    $100 24
Charles Lindbergh

Barbara
    $200 13
Bangladesh (formerly East Pakistan)

Steven
    $200 11
The Dukes of Hazzard/Bo & Luke Duke (John Schneider & Tom Wopat)

Steven
    $200 7
lenses

Karen
    $200 20
The Hunchback of Notre Dame

Steven
    $200 2
stone crab

Barbara
    $200 25
Nikita Khrushchev

Steven
    $300 14
(Steven: What is Estonia?)

Slovakia (the Slovak Republic)

Steven
Triple Stumper
    $300 15
Kato (Bruce Lee)

Steven
    $300 8
Polaroid

Karen
    $300 21
Armageddon

Barbara
    $300 3
a stone's throw

Barbara
    $300 26
(Alex: Less than a minute to go.)

Martin Luther King Jr.

Barbara
    $400 29
Macedonia

Triple Stumper
    $400 16
Speed Racer

Karen
    $400 9
a filter

Steven
    $400 22
Evita

Barbara
    $400 4
Stone Mountain

Steven
    $400 27
Anwar Sadat

Karen
    $500 30
(Barbara: What is Uzbekistan?)

Kazakhstan

StevenBarbara
    $500 17
Knight Rider or Michael Knight (David Hasselhoff)

Karen
    $500 18
ISO (or ASA)

Steven
    $500 23
Selena

Steven
    $500 5
the Stone of Scone (the Stone of Destiny)

Triple Stumper
    $500 28
(Karen: [No response])

Haile Selassie

Karen

Scores at the first commercial break (after clue 15):

Karen Steven Barbara
$600 $1,300 $700

Scores at the end of the Jeopardy! Round:

Karen Steven Barbara
$1,500 $3,200 $1,300

Double Jeopardy! Round responses

BREAK OUT THE ATLAS
(Alex: Obviously, a geography category.)
ANNUAL EVENTS
PLAY TIME
BRITISH ROYAL HOUSES
NOW HEAR THIS!
FILE UNDER "H"
    $200 10
the Arctic Circle

Steven
    $200 20
the Virgin Mary

Barbara
    $200 1
The Glass Menagerie

Steven
    $200 14
Windsor

Barbara
    $200 17
"Stars And Stripes Forever"

Steven
    $200 2
homicide

Barbara
    $400 11
King Arthur

Karen
    $400 21
bluegrass

Steven
    $400 3
The Joy Luck Club

Steven
    $400 15
Tudor

Barbara
    $400 18
[The William Tell overture]
(Barbara: Who is William Tell?)
(Karen: Who is Tchaikovsky?)

Rossini

KarenBarbara
Triple Stumper
    $400 4
the hustle

Barbara
    $600 12
Belize & El Salvador

Triple Stumper
    $600 22
(Alex: We have less than a minute to go.)

the St. Patrick's Day Parade

Steven
    $600 5
Roses

Triple Stumper
    $600 16
York

Triple Stumper
    $600 19
["Flight of the Bumblebee"]

Rimsky-Korsakov

Triple Stumper
    $600 7
hybrid

Karen
    $800 25
Nassau

Steven
    $1,000 23
take their daughter with them to work

Steven
    $800 6
The Matchmaker

Barbara
    $400 27
(Steven: Who is Wagner?)
[The end-of-round signal sounds.]

Franz Schubert

Steven
    $800 8
harlequin

Steven
    $1000 26
Mount Logan

Triple Stumper
    $1000 24
(Barbara: What is the tearing down of the Berlin Wall or the opening of East Germany?)

reunification

Barbara
Triple Stumper
    $1000 13
The Front Page

Barbara
    $1000 9
(Karen: What are hordes?)
(Barbara: What is humanity?)

hoi polloi

KarenBarbara
Triple Stumper

Scores at the end of the Double Jeopardy! Round:

Karen Steven Barbara
$1,100 $7,400 $2,100
(lock game)

[wagering suggestions for these scores]

Final Jeopardy! Round responses

NOVELISTS
KarenWho is Puzo?
$1,100
BarbaraWho is Mario Puzo?
$200
StevenWho is Mario Puzo?
$3,000
Mario Puzo

Final scores:

Karen Steven Barbara
$2,200 $10,400 $2,300
3rd place: Yahoo! Shopping gift certificate/shopping spree New champion: $10,400 2nd place: Gateway 466C desktop computer + Broyhill computer home office cabinet

Game dynamics:

Coryat scores:

Karen Steven Barbara
$1,600 $7,600 $2,100
9 R,
3 W
(including 1 DD)
20 R
(including 1 DD),
2 W
(including 1 DD)
15 R,
4 W

Combined Coryat: $11,300

[game clues] [game scores] [suggest correction]

Game tape date: 1999-08-25
The J! Archive is created by fans, for fans. Scraping, republication, monetization, and malicious use prohibited; this site may use cookies and collect identifying information. See terms. The Jeopardy! game show and all elements thereof, including but not limited to copyright and trademark thereto, are the property of Jeopardy Productions, Inc. and are protected under law. This website is not affiliated with, sponsored by, or operated by Jeopardy Productions, Inc. Join the discussion at JBoard.tv.